000 00307 a2200109 4500
001 ART_30515
005 20260410162003.0
008 260409a
245 1 0 _aLa crisis del Estado nacional
100 1 _aPadilla, Miguel M.
773 0 _tForo polĂ­tico
_g- Vol. XXIII (ago. 1998)
_wREV30389
999 _c31487
_d31487